000 00309nam a2200121 4500
008 240701b |||||||| |||| 00| 0 eng d
082 _a305.42
_bWOM
245 _aWomen's manifesto
260 _aColombo:
_b[Women's political forum?],
_cn.d.
300 _a15 p.;25cm
650 _aFEMINISM-Sri Lanka
942 _cRP
999 _c4949
_d4949